20 Largest Cities in Europe - Statistics

General Stats
  • This quiz has been taken 44 times
  • The average score is 11 of 20
Answer Stats
Picture Answer % Correct
London
98%
Paris
98%
Rome
98%
Istanbul
90%
Moscow
86%
Berlin
83%
Milan
74%
Munich
67%
Budapest
62%
Vienna
60%
Madrid
57%
Bucharest
50%
Kiev
45%
Barcelona
40%
Warsaw
36%
Hamburg
29%
Prague
29%
St. Petersburg
19%
Minsk
14%
Kharkiv
5%
No matching quizzes found
Score Distribution
Percent of People with Each Score
Percentile by Number Answered
Your Score History
You have not taken this quiz